| 000 | 00636nam a2200181 i 4500 | ||
|---|---|---|---|
| 001 | 104365 | ||
| 003 | ES-MaACL | ||
| 005 | 20230906183600.0 | ||
| 007 | t| | ||
| 008 | 051128s1932 sp ||||1| spa d | ||
| 100 | 1 |
_aMillares Carlo, Agustín, _d1893-1980 _981176 |
|
| 245 | 1 | 0 |
_aEnsayo de una bio-bibliográfia de escritores naturales de las Islas Canarias _b: (siglos XVI, XVII y XVIII) / _cpor Agustín Millares Carlo. |
| 260 |
_aMadrid : _b[s.n.], _c1932 ( _fTip. de Archivos) |
||
| 300 |
_a716 p. ; _c27 cm. |
||
| 500 | _aObra premiada por la Biblioteca Nacional. | ||
| 852 |
_aES-MaACL _jA-2623 |
||
| 999 |
_c104365 _d104365 |
||